Doğu dramı / (Kayıt no. 10206)

MARC ayrıntıları
000 -BAŞLIK
Sabit Uzunluktaki Kontrol Alanı 00678nam a22002177a 4500
003 - KONTROL NUMARASI KİMLİĞİ
Kontrol Alanı KOHA_MİRAKIL
005 - EN SON İŞLEM TARİHİ ve ZAMANI
Kontrol Alanı 20260414071116.0
008 - SABİT UZUNLUKTAKİ VERİ ÖGELERİ - GENEL BİLGİ
Sabit Alan 260414b tu ||||| |||| 00| 0 tur d
040 ## - KATALOGLAMA KAYNAĞI
Özgün Kataloglama Kurumu TR-AnABB
Kataloglama Dili tur
Çeviri Kurumu TR-AnABB
041 ## - DİL KODU
Metin ya da ses kaydının dil kodu tur
082 ## - DEWEY ONU SINIFLAMA SİSTEMİ
Sınıflama Numarası 338.9561
Cutter numarası EKI 1967
100 1# - KİŞİ ADI
Yazar Adı (Kişi adı) Ekinci, Tarık Ziya
245 10 - ESER ADI BİLDİRİMİ
Başlık Doğu dramı /
Sorumluluk Bildirimi Tarık Ziya Ekinci
246 ## - DEĞİŞİK BAŞLIK FORMU
Başlık uygun / kısa başlık Doğu bölgesinin sorunları ve ikinci beş yıllık kalkınma planı
260 ## - YAYIN, DAĞITIM, VB.
Yayın Yeri Ankara :
Yayınevi [yayl. y.] ,
Yayın Tarihi 1967
300 ## - FİZİKSEL TANIMLAMA
Sayfa, Cilt vb. 80 sayfa ;
Boyutları 20 cm
490 0# - DİZİ BİLDİRİMİ
Dizi Bildirimi Türkiye İşçi Partisi Mecliste ;
Cilt Numarası 5
650 04 - KONU BAŞLIĞI EK GİRİŞ - KONU TERİMİ
Konusal terim veya coğrafi ad Ekonomik politika
650 04 - KONU BAŞLIĞI EK GİRİŞ - KONU TERİMİ
Konusal terim veya coğrafi ad Ekonomik politika
942 ## - EK GİRİŞ ÖGELERİ (KOHA)
Sınıflama Kaynağı Dewey Decimal Classification
Materyal Türü Kitap
900 ## - YEREL BİLGİ
Kontrol Can ÇELIK
Mevcut
Geri Çekilme Durumu Kayıp Durumu Sınıflandırma Kaynağı Kredi için değil Kalıcı Konum Mevcut Konum Kayıt Tarih Toplam Ödünçverme Yer Numarası Demirbaş Numarası Son Görülme Tarihi Fatura Tarihi Materyal Türü
    Dewey Decimal Classification   Prof. Dr. Ruşen Keleş Kütüphanesi Prof. Dr. Ruşen Keleş Kütüphanesi 14/04/2026   338.9561 EKI 1967 RK7053 14/04/2026 14/04/2026 Kitap